Normal view
MARC view
Entry Personal Name
001 - CONTROL NUMBER
- control field: 11716
003 - CONTROL NUMBER IDENTIFIER
- control field: BD-RjUL
005 - DATE AND TIME OF LATEST TRANSACTION
- control field: 20240213114241.0
008 - FIXED-LENGTH DATA ELEMENTS
- fixed length control field: 240213|| aca||aabn | a|a d
040 ## - CATALOGING SOURCE
- Original cataloging agency: BD-RjUL
- Transcribing agency: BD-RjUL
100 ## - HEADING--PERSONAL NAME
- Titles and other words associated with a name: জুমলা, মীর
- Dates associated with a name: ১৬৬০-১৬৬৩
670 ## - SOURCE DATA FOUND
- Source citation: Work cat.: (BD-RjUL)83077: রহমান, সরদার আবদুর 11715, বাংলার কিংবদন্তি শাসক ও সেনানায়ক মীর জুমলা /, ২০২৩